000 00587nam a2200229Ia 4500
003 OSt
005 20220928143739.0
006 a|||||r|||| 00| 0
007 ta
008 220927b |||||||| |||| 00| 0 eng d
024 _a23088
037 _cTextual
040 _aSDCL
_cSDCL
_beng
041 _2eng
_aeng
082 _aG:424, N3
100 _aTalaro Kathleen
_9506046
245 0 _aFoundations in microbiology.
260 _c1993
700 _a Talaro Arthur
_9506047
942 _hG:424, N3
_cTEXL
_2CC
999 _c825034
_d825034